000 00511nam a2200181Ia 4500
008 100920s9999 xx 000 0 und d
082 _b50687
_a--- 0
100 _aकाकडे द. स.
245 _aतमाशा.
260 _bप्रिया प्रकाशन,मुंबई 4.
_c0
300 _a226
_bसाधी
365 _b60
520 _aकादंबरी.
630 _aतमाशा.
650 _aकादंबरी.
730 _aतमाशा.
942 _cBOOK
999 _c696856
_d696853